00569 2200217 4500001002100000005001500021035002000036007000300056008004100059020002200100082000800122084001400130100002900144245003800173250001200211260004800223300002100271600004000292856000800332990001100340INLIS00000000000038920260414095537 a0010-0426000048ta260414 0  a978-602-5057-36-6 a499 a499 BAL k0 aBALAI BAHASA JAWA TENGAH1 aKAMUS BAHASA JAWA TEGAL-INDONESIA aPERTAMA aSEMARANG :bBALAI BAHASA JAWA TENGAH,c2017 a286 hlm ;c21 cm 4aKAMUS BAHASA JAWA TEGAL - INDONESIA a400 a35.119